000 00456nam a2200181Ia 4500
008 230711s9999||||xx |||||||||||||| ||und||
020 _a978-93-272-1379-9
041 _aENG
082 _a5.74
_bBH-S
100 _aGurvinder Singh
245 0 _aSimplified approach to DBMS
250 _a8th . . Ed.
260 _c2012
_aNew Delhi
_bKalyani Publishers House
300 _a714
650 _aComputer Engineering
700 _aBhatia,Parteek
942 _cBK
999 _c5090
_d5090